| 000 | 00521nam a2200181Ia 4500 | ||
|---|---|---|---|
| 003 | OSt | ||
| 005 | 20200814141817.0 | ||
| 008 | 190216s9999||||xx |||||||||||||| ||und|| | ||
| 020 | _a9780074620830 | ||
| 040 | _coclc | ||
| 082 |
_a547 _bBAN/O |
||
| 100 |
_aBansal, Raj K _94092 |
||
| 245 | 0 |
_aOrganic Reaction Mechanisms / _cRaj K Bansal |
|
| 250 | _a3rd Ed. | ||
| 260 |
_bTata Mcgraw Hill Publishing Company Ltd, _c2004. _aNew Delhi: |
||
| 300 | _a611p | ||
| 942 |
_cBK _2ddc _h547 _iBAN/O _k547 _mBAN/O |
||
| 999 |
_c3288 _d3288 |
||